History Quiz

Random History or Country Quiz

Modern Arab Rulers Quiz Stats

Quiz not verified by Sporcle

Challenge
Share
Tweet
Embed
Score 0/62 Timer 15:00
0 Plays Today
Hint Ruler % Correct
President of Palestine (1994-2004)Yasser Arafat
82.1%
President of Egypt (2014-present)Abdel Fattah el-Sisi
78.9%
President of Egypt (1981-2011)Hosni Mubarak
78.6%
President of Syria (1971-2000)Hafez al-Assad
78.6%
President of Syria (2000-present)Bashar al-Assad
78.6%
President of Iraq (1979-2003)Saddam Hussein
78.6%
President of Egypt (1954-1970)Gamal Abdel Nasser
75%
President of Egypt (1970-1981)Anwar Sadat
75%
President of Palestine (2005-present)Mahmoud Abbas
75%
King of Morocco (1999-present)Mohammed VI
71.4%
President of Egypt (2012-2013)Mohamed Morsi
71.4%
King of Jordan (1952-1999)Hussein
71.4%
Brotherly Leader of Libya (1969-2011)Muammar Gaddafi
67.9%
King of Jordan (1999-present)Abdullah II
67.9%
Prime Minister of Iraq (2006-2014)Nouri al-Maliki
67.9%
King of Morocco (1927-1961)Mohammed V
64.3%
King of Saudi Arabia (2015-present)Salman
64.3%
King of Egypt (1936-1952)Farouk
60.7%
King of Jordan (1921-1951)Abdullah I
60.7%
King of Saudi Arabia (1932-1953)Ibn Saud
60.7%
President of North Yemen/ Yemen (1978-2012)Ali Abdullah Saleh
59.3%
King of Morocco (1961-1999)Hassan II
57.1%
President of Algeria (1999-present)Abdelaziz Bouteflika
57.1%
King of Libya (1951-1969)Idris
57.1%
President of Egypt (1953-1954)Muhammad Naguib
57.1%
President of Tunisia (1987-2011)Zine El Abidine Ben Ali
53.6%
Prime Minister of Lebanon (1992-1998), (2000-2004)Rafic Hariri
53.6%
King of Saudi Arabia (1982-2005)Fahd
53.6%
Prime Minister of Iraq (2014-present)Haider al-Abadi
53.3%
King of Saudi Arabia (1964-1975)Faisal
52.6%
King of Iraq (1939-1958)Faisal II
50%
Hint Ruler % Correct
King of Saudi Arabia (2005-2015)Abdullah
50%
President of Algeria (1963-1965)Ahmed Ben Bella
46.4%
President of Tunisia (1957-1987)Habib Bourguiba
46.4%
Sultan of Oman (1970-present)Qaboos
44.4%
President of Algeria (1965-1978)Houari Boumediene
42.9%
Prime Minister of Lebanon (2014-present)Tammam Salam
39.3%
President of Iraq (1958-1963)Abd al-Karim Qasim
39.3%
President of Yemen (2012-present)Abd Rabbuh Mansur Hadi
37%
President of Mauritania (1960-1978)Moktar Ould Daddah
35.7%
President of Mauritania (2008-present)Mohamed Ould Abdelaziz
35.7%
King of Jordan (1951-1952)Talal
35.7%
President of Iraq (1968-1979)Ahmed Hassan al-Bakr
35.7%
President of UAE (2004-present)Sheikh Khalifa
35.7%
President of Mauritania (1984-2005)Maaouya Ould Taya
32.1%
President of Mauritania (2007-2008)Sidi Ould Cheikh Abdallahi
32.1%
President of Syria (1943-1949), (1955-1958)Shukri al-Quwatli
32.1%
Leader of Syria (1966-1970)Salah Jadid
32.1%
King of Bahrain (1999-present)Hamad
32.1%
President of Algeria (1978-1992)Chadli Bendjedid
28.6%
King of Tunisia (1943-1957)Muhammad VIII al-Amin
28.6%
President of Tunisia (2011-2014)Moncef Marzouki
28.6%
Emir of Bahrain (1961-1999)Isa
28.6%
Emir of Qatar (1995-2013)Sheikh Hamad
28.6%
Emir of Qatar (2013-present)Sheikh Tamim
28.6%
President of North Yemen (1962-1967)Abdullah al-Sallal
25.9%
President of Lebanon (1943-1952)Bechara Khoury
25%
Emir of Qatar (1972-1995)Sheikh Khalifa
25%
Emir of Kuwait (2006-present)Sabah
17.9%
President of Tunisia (2014-present)Beji Caid Essebsi
9.1%
Emir of Kuwait (1961-1965)Abdullah
7.1%
President of UAE (1971-2004)Sheikh Zayed
7.1%

You're not logged in!

Compare scores with friends on all Sporcle quizzes.
Sign Up with Email
OR
Log In

You Might Also Like...

Show Comments

Extras

Top Quizzes Today


Score Distribution

Your Account Isn't Verified!

In order to create a playlist on Sporcle, you need to verify the email address you used during registration. Go to your Sporcle Settings to finish the process.

Report this User

Report this user for behavior that violates our Community Guidelines.

Details: